Kerala karshakan - An interactive e-publishing journal for Kissan (Record no. 2670)

MARC details
000 -LEADER
fixed length control field 00411nam a2200133Ia 4500
008 - FIXED-LENGTH DATA ELEMENTS--GENERAL INFORMATION
fixed length control field 130320s9999 xx 000 0 und d
100 ## - MAIN ENTRY--PERSONAL NAME
Personal name Kavitha J
245 ## - TITLE STATEMENT
Title Kerala karshakan - An interactive e-publishing journal for Kissan
502 ## - DISSERTATION NOTE
Degree type MSc CS
Year degree granted EXT
-- Ajith Kumar R
-- Mahathma Gandhi University, Kottayam
650 ## - SUBJECT ADDED ENTRY--TOPICAL TERM
Topical term or geographic name entry element E-JOUNAL
650 ## - SUBJECT ADDED ENTRY--TOPICAL TERM
Topical term or geographic name entry element FARM INFORMATION BUREA
650 ## - SUBJECT ADDED ENTRY--TOPICAL TERM
Topical term or geographic name entry element KISSAN
700 ## - ADDED ENTRY--PERSONAL NAME
Personal name Swapna A.K
Holdings
Withdrawn status Lost status Damaged status Not for loan Home library Current library Date acquired Total Checkouts Barcode Date last seen Price effective from Koha item type
        IIITM-K Kerala University of Digital Sciences, Innovation and Technology Knowledge Centre 20/03/2013   R-82 20/03/2013 20/03/2013 Project Reports